| Tag |
First Indicator |
Second Indicator |
Subfields |
| LEADER |
00000cam a2200000Ia 4500 |
| 001 |
in00002116608 |
| 005 |
20151103052013.0 |
| 008 |
900109s1989 cau b 001 0 eng d |
| 010 |
|
|
|a 89080153
|
| 020 |
|
|
|a 0930282043
|
| 035 |
|
|
|a (OCoLC)ocm20866840
|
| 040 |
|
|
|a CAW
|c CAW
|d OCL
|d UIU
|d WAU
|d OCLCQ
|d TXA
|d UtOrBLW
|
| 043 |
|
|
|a n-us---
|a n-cn---
|
| 049 |
|
|
|a TXAM
|
| 090 |
|
|
|a QL549
|b .M55 1981, Suppl.
|
| 090 |
|
|
|a QL541.A1
|b .L414 no.3
|
| 092 |
0 |
|
|a 595.789097
|b M615c, sup.
|2 20
|
| 245 |
0 |
0 |
|a Supplement to A catalogue/checklist of the butterflies of America, north of Mexico /
|c Clifford D. Ferris, editor.
|
| 264 |
|
1 |
|a [Los Angeles?] :
|b Lepidopterists' Society,
|c 1989.
|
| 300 |
|
|
|a vii, 103 pages ;
|c 23 cm.
|
| 336 |
|
|
|a text
|b txt
|2 rdacontent
|
| 337 |
|
|
|a unmediated
|b n
|2 rdamedia
|
| 338 |
|
|
|a volume
|b nc
|2 rdacarrier
|
| 490 |
1 |
|
|a Memoir / the Lepidopterists' Society ;
|v no. 3
|
| 504 |
|
|
|a Includes bibliographical references.
|
| 650 |
|
0 |
|a Butterflies
|z United States.
|
| 650 |
|
0 |
|a Butterflies
|z Canada.
|
| 650 |
|
0 |
|a Insects
|z United States.
|
| 650 |
|
0 |
|a Insects
|z Canada.
|
| 700 |
1 |
|
|a Ferris, Clifford D.
|
| 700 |
1 |
|
|a Miller, Lee D.
|t Catalogue/checklist of the butterflies of America, north of Mexico.
|
| 830 |
|
0 |
|a Memoir (Lepidopterists' Society) ;
|v no. 3.
|
| 948 |
|
|
|a cataloged
|b h
|c 2006/3/8
|d c
|e jgreene
|f 1:09:22 pm
|
| 994 |
|
|
|a C0
|b TXA
|
| 999 |
|
|
|a MARS
|
| 999 |
f |
f |
|s 8fc1982d-f4c9-3eec-92f6-ee229670d16b
|i ddb25f6b-d698-37e6-a165-24a309b820a8
|t 0
|
| 952 |
f |
f |
|p ric
|a Texas A&M University
|b Rellis Campus
|c Joint Library Facility
|d Remote Storage
|t 0
|e QL541.A1 .L414 no.3
|h Library of Congress classification
|i unmediated -- volume
|m A14833575489
|
| 998 |
f |
f |
|a QL541.A1 .L414 no.3
|t 0
|l Remote Storage
|